| 000 | 00396 a2200157 4500 | ||
|---|---|---|---|
| 001 | 75763 | ||
| 020 | _a8524910739 | ||
| 040 | _cAnchieta - Colégio São Paulo | ||
| 100 | _aBelinky, Tatiana | ||
| 240 | 1 | 0 |
_aABC e numerais pra brincar é bom demais _lpor |
| 245 | 1 | 0 | _aABC e numerais pra brincar é bom demais |
| 300 | _a[46] | ||
| 362 | 0 | _a2005 | |
| 650 | 4 | _aLiteratura infantil | |
| 942 | _cBK | ||
| 999 |
_c75763 _d75763 |
||